Visualizzazione normale
Vista MARC
- Austin Bobby
di Personal Name
Records bibliografici associati: 1
001 - CONTROL NUMBER
- control field: 32623
003 - CONTROL NUMBER IDENTIFIER
- control field: IT-RoPau
005 - DATE AND TIME OF LATEST TRANSACTION
- control field: 20140701122139.0
008 - FIXED-LENGTH DATA ELEMENTS
- fixed length control field: 140701|| aca||aabn | a|a d
040 ## - CATALOGING SOURCE
- Original cataloging agency: IT-RoPau
- Transcribing agency: IT-RoPau
100 ## - HEADING--PERSONAL NAME
- Personal name: Austin Bobby
- Miscellaneous information: Codice autore musica SPICS: 51080
- Relator term: Autore musica
- Name of part/section of a work: Try A Little Kindness
670 ## - SOURCE DATA FOUND
- Source citation: Work cat.: (IT-RoPau)99187: AA.VV. 794, Millennium Out of the Ruins